| 000 | 01102cam a2200349Ia 4500 | ||
|---|---|---|---|
| 001 | 27866217 | ||
| 003 | OCoLC | ||
| 005 | 20240515194441.0 | ||
| 008 | 930406s1993 maua j 000 0 spa d | ||
| 010 | _a93070039 | ||
| 020 |
_a0881064211 (pbk. : _c$6.95 |
||
| 020 | _a9780881064216 (pbk.) | ||
| 020 | _a0881066419 (library reinforced) | ||
| 040 |
_aUUP _cUUP _dAZU _dCAW _dDMP |
||
| 041 | 1 |
_aspa _heng |
|
| 043 | _asa----- | ||
| 082 | _a574.526 | ||
| 090 |
_aQH541.5.R27 _bW5518 1993 |
||
| 092 |
_a468 _bWIL |
||
| 100 | 1 | _aWillow, Diane. | |
| 240 | 1 | 0 |
_aAt home in the rain forest. _lSpanish. |
| 245 | 1 | 0 |
_aDentro de la selva tropical / _cpor Diane Willow ; illustrado por Laura Jacques. |
| 260 |
_aWatertown, MA : _bCharlesbridge, _cc1993. |
||
| 300 |
_a[31] p. : _bcol. ill. ; _c27 cm. |
||
| 500 | _aTranslation of: At home in the rain forest. | ||
| 520 | _aIntroduction to life on the Amazon rain forest. | ||
| 650 | 0 | _aRain forest ecology. | |
| 650 | 0 |
_aRain forests _zAmazon River Region. |
|
| 655 | 0 | _aSpanish language materials. | |
| 700 | 1 | _aJacques, Laura. | |
| 942 |
_2ddc _cBK |
||
| 999 |
_c17576 _d17576 |
||